Fundamentals Of Managaement (Record no. 302513)

MARC details
000 -LEADER
fixed length control field 00424nam a2200169Ia 4500
008 - FIXED-LENGTH DATA ELEMENTS--GENERAL INFORMATION
fixed length control field 230718s9999 xx 000 0 und d
041 ## - LANGUAGE CODE
Language code of text/sound track or separate title eng
082 ## - DEWEY DECIMAL CLASSIFICATION NUMBER
Classification number 658
Item number ROB
100 ## - MAIN ENTRY--PERSONAL NAME
Personal name Robbins S.P.
245 ## - TITLE STATEMENT
Title Fundamentals Of Managaement
250 ## - EDITION STATEMENT
Edition statement 3rd
260 ## - PUBLICATION, DISTRIBUTION, ETC. (IMPRINT)
Date of publication, distribution, etc. 2001
Name of publisher, distributor, etc. Pearson
300 ## - PHYSICAL DESCRIPTION
Extent 528
365 ## - TRADE PRICE
Currency code Rs.
Price amount 250.00
700 ## - ADDED ENTRY--PERSONAL NAME
Personal name Robbins S.P. & DeCenzo D.A.
9 (RLIN) 110169
906 ## - LOCAL DATA ELEMENT F, LDF (RLIN)
d B:53803-Nov-2001
c INST
b 37.5
Holdings
Withdrawn status Lost status Damaged status Not for loan Home library Current library Date acquired Vendor Budget Code Cost, normal purchase price Bill number Total Checkouts Full call number Barcode Date last seen Discount Cost, replacement price Bill Date Koha item type Original Barcode
        Cummins College of Engineering for Women Pune Cummins College of Engineering for Women Pune 22/11/2001 SNJA INST 212.50 538   658 CCEP-BK-13720 18/07/2023 37.5 250.00 03/11/2001 Books 013720